Facets of development in rural society (Record no. 98877)

MARC details
000 -LEADER
fixed length control field 00410nam a2200157Ia 4500
008 - FIXED-LENGTH DATA ELEMENTS--GENERAL INFORMATION
fixed length control field 230917s9999||||xx |||||||||||||| ||und||
020 ## - ISBN
Price RS100
040 ## - CATALOGING SOURCE
-- 9730
Original cataloging agency VIVEKANANDA LIBRARY
041 ## - Language
-- English
082 ## - DDC NUMBER
Classification number 338.91734 S577F
100 ## - MAIN ENTRY--PERSONAL NAME
Personal name Surat Singh
245 #0 - TITLE STATEMENT
Title Facets of development in rural society
260 ## - PUBLICATION, DISTRIBUTION, ETC. (IMPRINT)
Place of publication, distribution, etc Nilokhari
Name of publisher, distributor, etc Haryana institute of Rural Development
Date of publication, distribution, etc 1997
300 ## - PHYSICAL DESCRIPTION
Pages 224 p.
942 ## - ADDED ENTRY ELEMENTS (KOHA)
Koha item type Books
Holdings
Withdrawn status Lost status Damaged status Not for loan Location (home branch) Sublocation or collection (holding branch) Date acquired Koha issues (times borrowed) Koha full call number Accession No. Koha date last seen Koha item type
        VIVEKANANDA LIBRARY VIVEKANANDA LIBRARY 08/08/2002   338.91734 S577F 182049 17/09/2023 Books
© Designed and Maintained by Vivekananda Library, MDU Rohtak